000 00494nam a2200193Ia 4500
008 230612s9999 xx 000 0 und d
041 _aeng
082 _a621.37 BHI
100 _aBhide S.D.
245 _aFundamentals Of Electrical Engineering
250 _a3rd ed.
260 _c1991
_bEverest Publishing House
300 _a374
365 _cRs.
_b70.00
500 _aW. 2003-04
700 _aBhide S.D. & Navale M.N.
906 _dB:18-Mar-2008
_cELECT
_b3.5
999 _c164676
_d164676